SCL 2110: arte, arquitectura, performance

Uloženo v:
Podrobná bibliografie
Hlavní autor: Tisi, Rodrigo (Autor)
Médium: Kniha
Jazyk:španělština
angličtina
Vydáno: Santiago Uqbar 2010
Vydání:1a. ed
Témata:
Tagy: Přidat tag
Žádné tagy, Buďte první, kdo vytvoří štítek k tomuto záznamu!

MARC

LEADER 00000cam a2200000 a 4500
001 UCC0881
003 CL-VaPUC
008 170908e20100900cl |||||||||||||||||spa|d
020 |a 9789568601799 
041 0 7 |a spa  |2 CL-VaPUC 
041 0 7 |a eng  |2 CL-VaPUC 
082 0 4 |a 720.983  |b TIS  |2 21 
100 0 |a Tisi, Rodrigo  |e author  |9 594863 
245 1 0 |a SCL 2110: arte, arquitectura, performance 
250 |a 1a. ed 
300 |a 607 p 
942 |c BK 
945 |d 20170908 13:53:00  |a arojas 
260 |a Santiago  |b Uqbar  |c 2010 
650 0 |a Diseño arquitectónico   |9 265271 
650 0 |a Arquitectura  |9 804558 
650 0 |a Arte   |y Siglo 21  |9 484553 
650 0 |a Exposiciones  |9 265884 
651 7 |a CHILE  |2 CL-VaPUC  |9 594865 
583 |a last modification  |c 20170908 13:53:00  |k Rodrigo Vera 
999 |c 369544  |d 369542 
952 |0 0  |1 0  |3 erb  |4 0  |6 720_983000000000000_TIS_2010  |7 0  |8 A  |9 485421  |a BIBARQ  |b BIBARQ  |i 5421209  |o 720.983 TIS 2010  |p 5421209  |r 2025-01-20  |w 2019-11-24  |y BK  |z Catalogado en:20170908  |k ARQ